[Event "Moscow Open E"]
[Site "Moscow RUS"]
[Date "2011.02.03"]
[Round "6"]
[White "Kovalenko, Igor"]
[Black "Zhou, Weiqi"]
[Result "1/2-1/2"]
[WhiteTitle "IM"]
[BlackTitle "GM"]
[WhiteElo "2515"]
[BlackElo "2573"]
[WhiteFideId "14117908"]
[BlackFideId "8601674"]
[EventDate "2011.01.29"]

1. Nf3 Nf6 2. c4 e6 3. g3 d5 4. d4 Bb4+ 5. Bd2 Be7 6. Bg2 O-O 7. Qc2 c6 8. O-O
b6 9. Bf4 Ba6 10. Ne5 Nfd7 11. cxd5 cxd5 12. Nc3 Nxe5 13. dxe5 Nd7 14. Rfd1 Rc8
15. e4 d4 16. Rxd4 Qc7 17. Rad1 Rfd8 18. h4 h6 19. h5 Kf8 20. Bf1 Bxf1 21. Kxf1
Nxe5 22. Rxd8+ Rxd8 23. Rxd8+ Bxd8 24. Qa4 Bf6 25. Kg2 Kg8 26. Qb5 Kh7 27. a4
Qd6 28. Qe8 Qd7 29. Qxd7 Nxd7 30. Bd6 a6 31. g4 g6 32. hxg6+ fxg6 33. f4 Bd4 34.
Kf3 Kg7 35. Ke2 Kf7 36. Kd3 e5 37. g5 hxg5 38. fxg5 Ke6 39. Ba3 Bc5 40. b4 Be7
41. Nd5 Bd8 42. Kc4 Bxg5 43. Nc7+ Kd6 44. Nxa6 Bd8 45. Bc1 Bh4 46. Kb5 g5 47. a5
g4 48. Be3 bxa5 49. bxa5 Be1 50. Nb4 Bxb4 51. Kxb4 Kc6 52. Kc4 1/2-1/2

[Event "Moscow Open E"]
[Site "Moscow RUS"]
[Date "2011.02.03"]
[Round "6"]
[White "Kornev, Alexei"]
[Black "Khismatullin, Denis"]
[Result "1/2-1/2"]
[WhiteTitle "GM"]
[BlackTitle "GM"]
[WhiteElo "2507"]
[BlackElo "2649"]
[WhiteFideId "4120949"]
[BlackFideId "4142578"]
[EventDate "2011.01.29"]

1. d4 Nf6 2. c4 e6 3. Nc3 d5 4. Bg5 Be7 5. e3 h6 6. Bh4 O-O 7. Nf3 b6 8. Be2 Bb7
9. Bxf6 Bxf6 10. cxd5 exd5 11. b4 c5 12. bxc5 bxc5 13. Rb1 1/2-1/2

[Event "Moscow Open E"]
[Site "Moscow RUS"]
[Date "2011.02.03"]
[Round "6"]
[White "Kokarev, Dmitry"]
[Black "Loskutov, Oleg"]
[Result "1/2-1/2"]
[WhiteTitle "GM"]
[BlackTitle "IM"]
[WhiteElo "2583"]
[BlackElo "2435"]
[WhiteFideId "4132181"]
[BlackFideId "4122593"]
[EventDate "2011.01.29"]

1. g3 Nf6 2. Bg2 g6 3. e4 d6 4. d4 Bg7 5. Nc3 O-O 6. Nge2 Nfd7 7. O-O c5 8. dxc5
Nxc5 9. Bg5 Nc6 10. Qc1 Re8 11. h3 Be6 12. Nd5 Rc8 13. c3 b5 14. Qd2 Ne5 15. Nd4
Bd7 16. b3 f6 17. Be3 e6 18. Nf4 Nf7 19. Nd3 f5 20. exf5 exf5 21. Nxc5 dxc5 22.
Ne2 Bc6 23. Qxd8 Rexd8 24. Rfd1 Bxg2 25. Kxg2 Nd6 26. Rd5 1/2-1/2

[Event "Moscow Open E"]
[Site "Moscow RUS"]
[Date "2011.02.03"]
[Round "6"]
[White "Yakovich, Yuri"]
[Black "Grigoryan, Karen H."]
[Result "0-1"]
[WhiteTitle "GM"]
[BlackTitle "FM"]
[WhiteElo "2547"]
[BlackElo "2454"]
[WhiteFideId "4100654"]
[BlackFideId "13301004"]
[EventDate "2011.01.29"]

1. e4 c5 2. Nc3 d6 3. f4 Nc6 4. Nf3 g6 5. d4 cxd4 6. Nxd4 Bg7 7. Be3 Nf6 8. Be2
O-O 9. Nb3 Be6 10. g4 Rc8 11. g5 Nd7 12. Qd2 Nc5 13. Bf3 Na5 14. Nxa5 Qxa5 15.
Bd4 Qb4 16. Bxg7 Kxg7 17. Rb1 f6 18. a3 Qb6 19. h4 Nd7 20. Bg2 Rf7 21. Rf1 Rcf8
22. b3 fxg5 23. hxg5 Ne5 24. Na4 Qa6 25. Nc3 Qxa3 26. fxe5 Qc5 27. Nd1 Rxf1+ 28.
Bxf1 Bh3 29. Bxh3 Qg1+ 30. Ke2 Qh2+ 31. Kd3 Qxh3+ 32. Ne3 dxe5 33. Kc3 Rf3 34.
Re1 Qh4 35. Kb2 Qxg5 36. Nc4 Qxd2 37. Nxd2 Rg3 38. Nc4 h5 39. Nxe5 h4 40. Rf1 h3
41. Rf7+ Kh6 42. Rf2 g5 43. Kc1 g4 44. Kd2 Rg1 45. Rh2 Kg5 46. Ke3 Re1+ 47. Kf2
Rxe4 48. Nd3 Kh4 49. Kg1 g3 50. Rd2 e5 51. Kf1 Re3 52. Rd1 h2 53. Kg2 Re2+ 54.
Kf3 g2 0-1

[Event "Moscow Open E"]
[Site "Moscow RUS"]
[Date "2011.02.03"]
[Round "6"]
[White "Bukavshin, Ivan"]
[Black "Demchenko, Anton"]
[Result "0-1"]
[WhiteTitle "FM"]
[BlackTitle "IM"]
[WhiteElo "2458"]
[BlackElo "2546"]
[WhiteFideId "4199758"]
[BlackFideId "4160258"]
[EventDate "2011.01.29"]

1. d4 Nf6 2. c4 d6 3. Nf3 Nbd7 4. g3 e5 5. Bg2 c6 6. Nc3 e4 7. Ng5 d5 8. Qb3 h6
9. Nxf7 Kxf7 10. cxd5 cxd5 11. Nxe4 Qb6 12. Nxf6 Bb4+ 13. Kf1 Nxf6 14. Bxd5+
Nxd5 15. Qxd5+ Be6 16. Qh5+ g6 17. Qf3+ Kg7 18. Bf4 Rhf8 19. Qe3 Bh3+ 20. Kg1
Rae8 21. Be5+ Kh7 22. f4 Qc6 23. Qf3 Rxe5 24. Qxc6 bxc6 25. fxe5 Bd2 0-1

[Event "Moscow Open E"]
[Site "Moscow RUS"]
[Date "2011.02.03"]
[Round "6"]
[White "Filippov, Anton UZB"]
[Black "Predke, Alexandr"]
[Result "1-0"]
[WhiteTitle "GM"]
[WhiteElo "2604"]
[BlackElo "2415"]
[WhiteFideId "14200988"]
[BlackFideId "24107581"]
[EventDate "2011.01.29"]

1. e4 e5 2. Nf3 Nc6 3. Bb5 a6 4. Bxc6 dxc6 5. O-O Bg4 6. h3 h5 7. d3 Qf6 8. Be3
Bxf3 9. Qxf3 Qxf3 10. gxf3 Bd6 11. Nd2 Ne7 12. Rfd1 Ng6 13. Kf1 f5 14. Nc4 b5
15. Na5 f4 16. Bd2 c5 17. a4 Kd7 18. Nb3 Rab8 19. axb5 axb5 20. c3 c4 21. dxc4
bxc4 22. Na5 Rxb2 23. Nxc4 Rb3 24. Ra6 Ke7 25. Be1 Nh4 26. Ke2 Rd8 27. Rd5 Ng6
28. Na5 Rb2+ 29. Bd2 Ke6 30. Nc4 Rbb8 31. Rda5 Kf7 32. Ra7 Kf6 33. R7a6 Kf7 34.
Rd5 Ke6 35. Bc1 Ra8 36. Rda5 Rxa6 37. Rxa6 Kf7 38. Ba3 Bxa3 39. Rxa3 Re8 40. Ra5
Re6 41. Rc5 c6 42. Ra5 Kf6 43. Ra8 Kg5 44. Kf1 Nh4 45. Nd2 Ng6 46. Rd8 Kh4 47.
Kg2 Kg5 48. Rd7 Kf6 49. Kf1 Re7 50. Rd6+ Re6 51. Rd8 Ke7 52. Rg8 Kf6 53. Rc8 Ne7
54. Rc7 Rd6 55. Ke2 Re6 56. Nc4 Kg5 57. Kf1 Kh4 58. Kg2 Kg5 59. Na5 Ng6 60. Kf1
Kh4 61. Rxc6 Rxc6 62. Nxc6 Kxh3 63. c4 Kh2 64. c5 Kh1 65. Nb4 Ne7 66. c6 g5 67.
c7 g4 68. fxg4 hxg4 69. Nc6 Nc8 70. Nxe5 g3 71. fxg3 fxg3 72. Nf3 Ne7 73. e5 Nc8
74. e6 Ne7 75. Ke2 Kg2 76. Ne1+ Kh3 77. Kf3 Kh4 78. Nd3 Kg5 79. Nb4 Nc8 80. Nd5
Kg6 81. Kxg3 Kg7 82. Kf4 Kf8 83. Ke5 Ke8 84. Kd4 1-0

[Event "Moscow Open E"]
[Site "Moscow RUS"]
[Date "2011.02.03"]
[Round "6"]
[White "Balashov, Yuri S"]
[Black "Burmakin, Vladimir"]
[Result "1-0"]
[WhiteTitle "GM"]
[BlackTitle "GM"]
[WhiteElo "2418"]
[BlackElo "2603"]
[WhiteFideId "4100263"]
[BlackFideId "4105109"]
[EventDate "2011.01.29"]

1. e4 c6 2. Nf3 d5 3. Nc3 Bg4 4. h3 Bxf3 5. Qxf3 e6 6. g3 Nd7 7. Qe2 dxe4 8.
Nxe4 Ngf6 9. Bg2 Nxe4 10. Bxe4 Nf6 11. Bg2 Be7 12. O-O O-O 13. Rd1 Re8 14. d4
Qc7 15. Bf4 Bd6 16. Bg5 Qe7 17. Re1 h6 18. Bd2 Rad8 19. Rad1 Rd7 20. Qf3 Bc7 21.
Bc1 Qd8 22. c3 Nd5 23. Bf1 Bd6 24. Bd3 Nf6 25. Bc2 Bf8 26. h4 Bd6 27. a3 Nh7 28.
Kg2 Nf8 29. Re2 Be7 30. Rde1 Bd6 31. d5 cxd5 32. Ba4 a6 33. Bxd7 Qxd7 34. Qg4
Rc8 35. Rd1 Kh7 36. Bf4 Bxf4 37. Qxf4 Ng6 38. Qf3 Kg8 39. Rd4 Ne7 40. Kg1 Nf5
41. Rd3 Qb5 42. Red2 Nd6 43. Rd4 Nc4 44. Re2 a5 45. Rg4 Qe8 46. Qf6 Qf8 47. a4
Kh8 48. Qd4 Rc6 49. b3 Nd6 50. Qe5 Kh7 51. h5 Ne4 52. c4 Nf6 53. Rd4 dxc4 54.
Rxc4 Rb6 55. Re3 Nd5 56. Rd3 Rd6 57. Rc7 f6 58. Qe4+ f5 59. Qe5 Rb6 60. Rd7 Rc6
61. Rxb7 Nf6 62. Rc7 Rxc7 63. Qxc7 Qb4 64. Qc3 Qb6 65. Qd4 Qc6 66. Qc4 Qb6 67.
Re3 Ne4 68. Kg2 Ng5 69. g4 Qb7+ 70. f3 Qa7 71. Qd3 1-0

[Event "Moscow Open E"]
[Site "Moscow RUS"]
[Date "2011.02.03"]
[Round "6"]
[White "Iljiushenok, Ilia"]
[Black "Chernyshov, Konstantin"]
[Result "0-1"]
[BlackTitle "GM"]
[WhiteElo "2415"]
[BlackElo "2597"]
[WhiteFideId "24105074"]
[BlackFideId "4117328"]
[EventDate "2011.01.29"]

1. e4 e6 2. d4 d5 3. Nc3 Be7 4. e5 c5 5. Qg4 Kf8 6. dxc5 Nc6 7. Qg3 d4 8. Nb5
Bxc5 9. Bg5 Qa5+ 10. Bd2 Qb6 11. a4 Nge7 12. Bd3 a6 13. a5 axb5 14. axb6 Rxa1+
15. Ke2 Bd7 16. Be1 Nb4 17. Be4 Bc6 18. Bxc6 Nexc6 19. Bxb4 Bxb4 20. f4 Re1+ 21.
Kf2 Rd1 22. Qb3 g5 23. c3 Rd2+ 24. Kg3 dxc3 25. bxc3 Rd3+ 26. Nf3 Rxc3 27. Qb2
gxf4+ 28. Kxf4 Rg8 29. Rc1 Rxg2 30. Qxg2 Rxc1 31. Kg5 Rc4 32. Kh6 Rf4 33. Kxh7
Ke8 34. h4 Bf8 35. h5 b4 36. Ng5 b3 37. h6 Rf5 38. Qxc6+ bxc6 39. b7 Bd6 40.
exd6 Rb5 41. Kg7 Rxb7 42. Kf6 Rb4 43. Nxf7 Rf4+ 0-1

[Event "Moscow Open E"]
[Site "Moscow RUS"]
[Date "2011.02.03"]
[Round "6"]
[White "Amonatov, Farrukh"]
[Black "Kovalev, Vladislav"]
[Result "1-0"]
[WhiteTitle "GM"]
[BlackTitle "FM"]
[WhiteElo "2590"]
[BlackElo "2376"]
[WhiteFideId "14700077"]
[BlackFideId "13504398"]
[EventDate "2011.01.29"]

1. e4 e5 2. Nf3 Nc6 3. d4 exd4 4. Nxd4 Bc5 5. Nb3 Bb6 6. Nc3 Qf6 7. Qe2 Nge7 8.
Be3 O-O 9. O-O-O d6 10. Kb1 Be6 11. f4 Bg4 12. Qxg4 Bxe3 13. g3 Rad8 14. Bd3
Rfe8 15. Rhf1 Bb6 16. Qh3 h6 17. e5 Qe6 18. f5 Qc8 19. e6 Ne5 20. f6 N7g6 21.
exf7+ Kxf7 22. Bf5 Qb8 23. Nd5 c6 24. Nxb6 axb6 25. Nd4 gxf6 26. Qxh6 Rh8 27.
Bxg6+ Nxg6 28. Qg5 1-0

[Event "Moscow Open E"]
[Site "Moscow RUS"]
[Date "2011.02.03"]
[Round "6"]
[White "Ziatdinov, Raset"]
[Black "Lenderman, Aleksandr"]
[Result "0-1"]
[WhiteTitle "GM"]
[BlackTitle "GM"]
[WhiteElo "2406"]
[BlackElo "2549"]
[WhiteFideId "2015323"]
[BlackFideId "2021285"]
[EventDate "2011.01.29"]

1. e4 c6 2. d4 d5 3. e5 Bf5 4. h4 h5 5. c4 e6 6. Nc3 dxc4 7. Bxc4 Be7 8. Be2
Bxh4 9. g3 Bg5 10. g4 Bg6 11. gxh5 Bf5 12. Bxg5 Qxg5 13. Nf3 Qd8 14. Qb3 Qb6 15.
Nd2 Qxb3 16. axb3 Ne7 17. Nc4 Nc8 18. Na5 b6 19. Nc4 a6 20. Ne3 Ne7 21. Nc4 Nc8
22. Na4 b5 23. Nab6 Nxb6 24. Nxb6 Ra7 25. Nc8 Rd7 26. Nd6+ Ke7 27. Kd2 Rxd6 28.
exd6+ Kxd6 29. Rag1 Rh7 30. Bd3 Bxd3 31. Kxd3 Nd7 32. Ra1 Nf6 33. Rxa6 Rxh5 34.
Rxh5 Nxh5 35. Ra8 Nf4+ 36. Ke4 g5 37. Rg8 f6 38. Rg7 Nd5 39. Kf3 Ne7 40. Kg4 Nf5
41. Rh7 Nxd4 42. Kh5 Ke5 43. Rf7 Kf5 44. Kh6 e5 45. b4 g4 46. Kg7 Ne6+ 47. Kh6
e4 48. Ra7 Ng5 49. Kg7 e3 50. fxe3 g3 51. Ra1 Nf3 52. Rf1 Ke4 53. Kxf6 g2 54.
Ra1 Kxe3 55. Ke6 g1=Q 56. Rxg1 Nxg1 57. Kd6 Kd4 58. b3 Kc3 0-1

[Event "Moscow Open E"]
[Site "Moscow RUS"]
[Date "2011.02.03"]
[Round "6"]
[White "Ghane, Shojaat"]
[Black "Geller, Jakov"]
[Result "1/2-1/2"]
[WhiteTitle "GM"]
[BlackTitle "IM"]
[WhiteElo "2398"]
[BlackElo "2544"]
[WhiteFideId "12500313"]
[BlackFideId "4151984"]
[EventDate "2011.01.29"]

1. d4 d5 2. c4 e6 3. Nf3 c6 4. Qc2 dxc4 5. Qxc4 b5 6. Qc2 Bb7 7. Bg5 Nf6 8. e4
Nbd7 9. Nc3 h6 10. Bh4 a6 11. Bd3 Qb6 12. Rd1 g5 13. Bg3 Nh5 14. Ne5 Nxg3 15.
Nxd7 Kxd7 16. hxg3 Rd8 17. Qe2 Kc7 18. Qf3 Rd7 19. Bc2 Bg7 20. e5 Rf8 21. Qe4 f6
22. O-O fxe5 23. dxe5 Rxd1 24. Bxd1 Qc5 25. Bf3 Qxe5 26. Qb4 Rd8 27. Rc1 Kb8 28.
a4 Qd6 29. Qg4 Bd4 30. axb5 axb5 31. Ne4 Qe5 32. b4 Qf5 33. Qh5 g4 34. Qxg4 Qxg4
35. Bxg4 e5 36. Bf3 Kc7 37. g4 Ra8 38. g3 Ra2 39. Kg2 Rb2 40. Rh1 c5 41. Rxh6
Bxe4 42. Bxe4 Re2 43. Rh7+ Kd6 44. Rh6+ Ke7 45. Rh7+ Kf6 46. Rh6+ Kg7 47. Rh7+
Kf6 48. Rh6+ Kg7 49. Rh7+ Kg8 50. bxc5 Bxc5 51. Rc7 Rxf2+ 1/2-1/2

[Event "Moscow Open E"]
[Site "Moscow RUS"]
[Date "2011.02.04"]
[Round "7"]
[White "Matlakov, Maxim"]
[Black "Kabanov, Nikolai"]
[Result "1/2-1/2"]
[WhiteTitle "GM"]
[BlackTitle "GM"]
[WhiteElo "2616"]
[BlackElo "2482"]
[WhiteFideId "4168003"]
[BlackFideId "4127820"]
[EventDate "2011.01.29"]

1. d4 e6 2. c4 b6 3. Nf3 Bb7 4. g3 Bb4+ 5. Bd2 Bxf3 6. exf3 Bxd2+ 7. Qxd2 d5 8.
cxd5 Qxd5 9. Nc3 Qxf3 10. Rg1 c6 11. Bg2 Qh5 12. g4 Qa5 13. d5 Ne7 14. dxe6 Qe5+
15. Be4 Qxe6 16. O-O-O O-O 17. Rge1 Ng6 18. f4 Qxg4 19. f5 Nf4 20. Rg1 Qh4 21.
Bf3 Qh6 22. Kb1 Kh8 23. Rg4 Nh5 24. Qxh6 gxh6 25. Ne4 f6 26. Rgg1 Ng7 27. Nxf6
a5 28. Nh5 Nxh5 29. Bxh5 Na6 30. Be2 Nc5 31. Rd6 Rac8 32. Bf3 Rxf5 33. Bxc6 Rg5
34. Rgd1 Rg6 35. Bb5 Kg7 36. a3 Rf8 37. b4 axb4 38. axb4 Ne4 39. Rd7+ Rf7 40.
Bc4 Rxd7 41. Rxd7+ Kf6 42. Bd3 1/2-1/2

[Event "Moscow Open E"]
[Site "Moscow RUS"]
[Date "2011.02.04"]
[Round "7"]
[White "Kotsur, Pavel"]
[Black "Zhou, Weiqi"]
[Result "0-1"]
[WhiteTitle "GM"]
[BlackTitle "GM"]
[WhiteElo "2559"]
[BlackElo "2573"]
[WhiteFideId "13700278"]
[BlackFideId "8601674"]
[EventDate "2011.01.29"]

1. e4 e6 2. d4 d5 3. Nc3 Nf6 4. e5 Nfd7 5. f4 c5 6. Nf3 Nc6 7. Be3 Be7 8. Qd2
O-O 9. Be2 a6 10. Nd1 f5 11. c3 b5 12. O-O Rb8 13. Bf2 b4 14. c4 Nb6 15. cxd5
Nxd5 16. dxc5 Qa5 17. Qc1 Bb7 18. g3 g5 19. Ne3 Nxe3 20. Bxe3 g4 21. Nd2 Qd8 22.
Nb3 Qd5 23. Kf2 Nxe5 24. fxe5 f4 25. Bxf4 Rxf4+ 26. Qxf4 Rf8 27. Ke1 Rxf4 28.
Rxf4 Bg5 29. Rxg4 h6 30. h4 Qh1+ 31. Bf1 Qf3 32. Be2 Qe3 33. hxg5 Bf3 34. Nc1
Bxg4 35. c6 Qxg3+ 36. Kd1 Qg1+ 37. Kd2 Bxe2 38. Nxe2 Qxa1 39. c7 Qxb2+ 40. Kd3
Qb3+ 0-1

[Event "Moscow Open E"]
[Site "Moscow RUS"]
[Date "2011.02.04"]
[Round "7"]
[White "Demchenko, Anton"]
[Black "Yu, Yangyi"]
[Result "1/2-1/2"]
[WhiteTitle "IM"]
[BlackTitle "GM"]
[WhiteElo "2546"]
[BlackElo "2607"]
[WhiteFideId "4160258"]
[BlackFideId "8603820"]
[EventDate "2011.01.29"]

1. g3 d5 2. Bg2 Nf6 3. Nf3 g6 4. O-O Bg7 5. d3 O-O 6. Nbd2 d4 7. Nc4 c5 8. a4
Be6 9. e3 Nc6 10. Re1 Bd5 11. Qe2 Re8 12. e4 Bxc4 13. dxc4 Nd7 14. Bf4 e5 15.
Bg5 Qb6 16. b3 Nb4 17. Rec1 Nf8 18. Bd2 Ne6 19. a5 Qd6 20. Ne1 h5 21. Nd3 Nxd3
22. cxd3 b5 23. f4 bxc4 24. bxc4 Rab8 25. f5 Nd8 26. Rab1 Nc6 27. g4 h4 28. g5
Rxb1 29. Rxb1 Rb8 30. Qd1 Rxb1 31. Qxb1 Nb4 32. Bh3 Bf8 33. Kf1 Qa6 34. Ke2 gxf5
35. Bxf5 Qxa5 36. Qf1 Qa6 37. Qh3 Bg7 38. Qxh4 Qa3 39. Qh3 Kf8 40. g6 Na2 41.
Qh4 f6 42. Bh6 Nc1+ 43. Kd1 Qxd3+ 44. Kxc1 Qxc4+ 45. Kd1 Qb3+ 46. Ke2 Qc2+ 47.
Ke1 1/2-1/2

[Event "Moscow Open E"]
[Site "Moscow RUS"]
[Date "2011.02.04"]
[Round "7"]
[White "Belous, Vladimir"]
[Black "Filippov, Anton UZB"]
[Result "1-0"]
[BlackTitle "GM"]
[WhiteElo "2497"]
[BlackElo "2604"]
[WhiteFideId "4174003"]
[BlackFideId "14200988"]
[EventDate "2011.01.29"]

1. d4 d5 2. c4 c6 3. Nf3 Nf6 4. e3 g6 5. Nc3 Bg7 6. Bd2 O-O 7. Rc1 Bg4 8. Qb3
Bxf3 9. gxf3 Qd7 10. Bg2 Na6 11. cxd5 cxd5 12. O-O e6 13. Nb5 Rfb8 14. Rc2 Ne8
15. Rfc1 Bf8 16. Bf1 Qd8 17. Qa4 Qg5+ 18. Bg2 Qd8 19. b4 Ng7 20. e4 Nh5 21. e5
Qh4 22. Nd6 Bxd6 23. exd6 Rf8 24. Qd7 Rad8 25. Qe7 Qxd4 26. Bh6 Ng7 27. Qxd8
Rxd8 28. Rc8 Qf6 29. d7 Kf8 30. Rxd8+ Qxd8 31. Rc8 Ke7 32. Bg5+ 1-0

[Event "Moscow Open E"]
[Site "Moscow RUS"]
[Date "2011.02.04"]
[Round "7"]
[White "Chernyshov, Konstantin"]
[Black "Bezgodov, Alexei"]
[Result "1/2-1/2"]
[WhiteTitle "GM"]
[BlackTitle "GM"]
[WhiteElo "2597"]
[BlackElo "2494"]
[WhiteFideId "4117328"]
[BlackFideId "4105257"]
[EventDate "2011.01.29"]

1. e4 e5 2. Nc3 Nf6 3. f4 d5 4. fxe5 Nxe4 5. Nf3 Be7 6. Qe2 f5 7. d3 Nxc3 8.
bxc3 c5 9. h4 O-O 10. Bf4 Qa5 11. Qd2 Nc6 12. g3 d4 13. c4 Qxd2+ 14. Kxd2 h6 15.
Bg2 Be6 16. Rab1 b6 17. h5 Rac8 18. Nh4 Bxh4 19. gxh4 Rfe8 20. Rhg1 Bf7 21. Rbe1
Bxh5 22. Bh3 Bg4 23. Bxg4 fxg4 24. Rxg4 Re6 25. Reg1 Rc7 26. Rg6 Rce7 27. Rxh6 1/2-1/2

[Event "Moscow Open E"]
[Site "Moscow RUS"]
[Date "2011.02.04"]
[Round "7"]
[White "Loskutov, Oleg"]
[Black "Amonatov, Farrukh"]
[Result "0-1"]
[WhiteTitle "IM"]
[BlackTitle "GM"]
[WhiteElo "2435"]
[BlackElo "2590"]
[WhiteFideId "4122593"]
[BlackFideId "14700077"]
[EventDate "2011.01.29"]

1. e4 c5 2. Nf3 d6 3. d4 cxd4 4. Nxd4 Nf6 5. Nc3 a6 6. Bc4 e6 7. a4 Be7 8. O-O
Nc6 9. Be3 Qc7 10. Qe2 O-O 11. Kh1 Nxd4 12. Bxd4 e5 13. Be3 Be6 14. Ba2 h6 15.
f3 Rac8 16. Rfd1 Bxa2 17. Rxa2 Qc4 18. Rd3 b5 19. b3 Qc6 20. Bf2 b4 21. Nd5 Nxd5
22. exd5 Qb7 23. a5 Qb5 24. Rd2 Rb8 25. Bb6 Qxe2 26. Rxe2 Bd8 27. Re4 Bxb6 28.
axb6 Rxb6 29. Rc4 Ra8 30. Ra1 a5 31. Rd1 Kf8 32. Rc7 Rb5 33. Kg1 Rc5 34. Rxc5
dxc5 35. d6 Ke8 36. d7+ Kd8 37. Rd5 c4 38. Rxe5 Kxd7 39. Rc5 c3 40. Kf2 Kd6 41.
Rc4 Re8 42. h4 Re5 43. Rc8 Kd7 44. Ra8 h5 45. Ra7+ Kc6 46. g4 Kb6 47. Ra8 Rd5
48. Ke3 hxg4 49. fxg4 Rd2 50. Rb8+ Kc6 51. Rc8+ Kd7 52. Ra8 Rxc2 53. Rxa5 Rb2
54. h5 Rxb3 55. g5 c2+ 56. Kd2 Rc3 57. Kc1 b3 58. Rb5 0-1

[Event "Moscow Open E"]
[Site "Moscow RUS"]
[Date "2011.02.04"]
[Round "7"]
[White "Batchuluun, Tsegmed"]
[Black "Kokarev, Dmitry"]
[Result "1/2-1/2"]
[WhiteTitle "IM"]
[BlackTitle "GM"]
[WhiteElo "2424"]
[BlackElo "2583"]
[WhiteFideId "4900847"]
[BlackFideId "4132181"]
[EventDate "2011.01.29"]

1. d4 Nf6 2. c4 g6 3. Nc3 Bg7 4. e4 O-O 5. Be3 d6 6. f3 c5 7. dxc5 dxc5 8. Qxd8
Rxd8 9. Bxc5 Nc6 10. Nge2 Nd7 11. Be3 Nde5 12. Nf4 Nb4 13. Rc1 Be6 14. a3 Nbd3+
15. Bxd3 Nxd3+ 16. Nxd3 Rxd3 17. Kf2 Bxc4 18. Rhd1 Rxd1 19. Rxd1 Be6 20. Bc5
Bxc3 21. bxc3 Kf8 22. a4 b6 23. Bd4 Rc8 24. Ra1 Rc6 25. a5 bxa5 26. Rxa5 a6 27.
Ke3 Ke8 28. g4 Bc4 29. h4 Bb5 30. g5 f6 31. f4 Kf7 1/2-1/2

[Event "Moscow Open E"]
[Site "Moscow RUS"]
[Date "2011.02.04"]
[Round "7"]
[White "Lenderman, Aleksandr"]
[Black "Krapivin, Alexander"]
[Result "1-0"]
[WhiteTitle "GM"]
[BlackTitle "GM"]
[WhiteElo "2549"]
[BlackElo "2476"]
[WhiteFideId "2021285"]
[BlackFideId "4154720"]
[EventDate "2011.01.29"]

1. d4 d5 2. c4 e6 3. Nc3 Nf6 4. cxd5 exd5 5. Bg5 Be7 6. e3 h6 7. Bh4 O-O 8. Bd3
Re8 9. Qc2 Nc6 10. a3 Ng4 11. Bxe7 Nxe7 12. Nf3 Nf6 13. h3 Be6 14. O-O-O c5 15.
dxc5 Rc8 16. g4 Rxc5 17. Nd4 Qd6 18. f3 Rec8 19. h4 Nd7 20. g5 h5 21. g6 f6 22.
Kb1 Ne5 23. Qb3 Nxd3 24. Rxd3 Bd7 25. Ne4 Qa6 26. Nxc5 Rxc5 27. Rc3 Rxc3 28.
Qxc3 Nxg6 29. Qc5 Qd3+ 30. Ka1 Ne5 31. Rg1 g6 32. Qxd5+ Kh7 33. Rc1 Bc6 34. Qd6
Qxe3 35. Rc3 Qe1+ 36. Ka2 Qxh4 37. Ne6 Nf7 38. Qe7 Bd5+ 39. Rb3 Bxe6 40. Qxe6
Ne5 41. Rb4 Qg3 42. Qe7+ Kh6 43. Qf8+ 1-0

[Event "Moscow Open E"]
[Site "Moscow RUS"]
[Date "2011.02.04"]
[Round "7"]
[White "Pridorozhni, Aleksei"]
[Black "Balashov, Yuri S"]
[Result "1-0"]
[WhiteTitle "IM"]
[BlackTitle "GM"]
[WhiteElo "2543"]
[BlackElo "2418"]
[WhiteFideId "4127870"]
[BlackFideId "4100263"]
[EventDate "2011.01.29"]

1. c4 e6 2. Nc3 f5 3. g3 Nf6 4. Bg2 Be7 5. d4 O-O 6. Nh3 d6 7. Nf4 c6 8. d5 e5
9. dxc6 bxc6 10. Nfd5 Be6 11. Nxe7+ Qxe7 12. b3 Rd8 13. Ba3 Qc7 14. O-O Na6 15.
e4 Rac8 16. exf5 Bxf5 17. Qe2 Qa5 18. Na4 Nb4 19. Bxb4 Qxb4 20. c5 e4 21. cxd6
Rxd6 22. Qe3 c5 23. Qf4 Rd5 24. Rfc1 Bg6 25. Bh3 Re8 26. Rc4 Qa5 27. Rac1 e3 28.
fxe3 Ne4 29. Nxc5 Nxc5 30. b4 Qxa2 31. bxc5 Rh5 32. Bg2 Rf5 33. Qd4 Qf2+ 34. Kh1
Rxe3 35. c6 Re1+ 36. Rxe1 Qxe1+ 37. Qg1 Qe6 38. Rc1 Rf8 39. Re1 Qc4 40. Qxa7 h5
41. Qd7 Kh7 42. Qd2 Rb8 43. h4 Bf5 44. Rc1 Qg4 45. Kh2 Re8 46. Re1 Rxe1 47. Qxe1
Qc4 48. Qd1 Bg4 49. Qb1+ Kg8 50. Qb8+ Kh7 51. Qe5 g6 52. Qe7+ Kh6 53. Qd6 Kh7
54. c7 Bf5 55. Qc6 Qg4 56. Qc5 Kg7 57. Qe7+ Kh6 58. Qg5+ 1-0

[Event "Moscow Open E"]
[Site "Moscow RUS"]
[Date "2011.02.04"]
[Round "7"]
[White "Obolenskikh, Dmitry"]
[Black "Voitsekhovsky, Stanislav"]
[Result "1/2-1/2"]
[BlackTitle "GM"]
[WhiteElo "2467"]
[BlackElo "2537"]
[WhiteFideId "4156013"]
[BlackFideId "4113470"]
[EventDate "2011.01.29"]

1. e4 c5 2. Nf3 d6 3. d4 cxd4 4. Nxd4 Nf6 5. f3 e5 6. Nb3 Be6 7. c4 Nbd7 8. Be3
a5 9. a4 Rc8 10. Na3 Be7 11. Be2 O-O 12. O-O Ne8 13. Rc1 b6 14. Rc3 g6 15. Nb5
Ndf6 16. Qd2 Rb8 17. Rd1 Qd7 18. Kh1 Qc6 19. Nc1 Nh5 20. Nd3 Nef6 21. b4 Nd7 22.
Qc2 Qb7 23. bxa5 bxa5 24. Nc1 Qc6 25. Nb3 Ra8 26. Bf1 Nb6 27. Bxb6 Qxb6 28. c5
dxc5 29. Nxc5 Bxc5 30. Rxc5 Rac8 31. Rc1 Bb3 32. Qc3 Rxc5 33. Qxc5 Qxc5 34. Rxc5
Bxa4 35. Nc3 Bb3 36. Rxa5 Rc8 37. Ne2 1/2-1/2

[Event "Moscow Open E"]
[Site "Moscow RUS"]
[Date "2011.02.04"]
[Round "7"]
[White "Gomez, John Paul"]
[Black "Usmanov, Vasily"]
[Result "1/2-1/2"]
[WhiteTitle "GM"]
[WhiteElo "2527"]
[BlackElo "2215"]
[WhiteFideId "5201381"]
[BlackFideId "4135741"]
[EventDate "2011.01.29"]

1. d4 d5 2. c4 e6 3. Nf3 Nf6 4. g3 Bb4+ 5. Bd2 a5 6. Bg2 c6 7. O-O b6 8. Bg5 Be7
9. Nc3 Ba6 10. cxd5 cxd5 11. Ne5 Nfd7 12. Bxe7 Qxe7 13. Nxd5 exd5 14. Bxd5 Nxe5
15. Bxa8 Nc4 16. Re1 O-O 17. Qb3 Nd7 18. Bd5 Nd2 19. Qc2 Nf6 20. Bg2 Nde4 21. e3
Rc8 22. Qd1 Qb4 23. f3 Nd6 24. Bh3 Rd8 25. a3 Qxb2 26. Rb1 Qxa3 27. Rxb6 Bc4 28.
Qc1 Qa4 29. Qb2 Qe8 30. Qa3 Nb5 31. Qxa5 Nd5 32. Rb7 g6 33. e4 Nxd4 34. Kf2 Nf6
35. Reb1 Nc6 36. Qc3 Qxe4 37. Bf1 Qd4+ 38. Qxd4 Rxd4 39. Rc1 Ne5 40. Ke3 Bxf1
41. Kxd4 Nxf3+ 42. Ke3 Nxh2 43. Kf2 Bh3 44. Rh1 Ne4+ 45. Ke3 Nxg3 46. Rxh2 Nf1+
47. Kf4 Nxh2 48. Kg3 Be6 49. Kxh2 Kg7 50. Kg3 g5 51. Ra7 h5 52. Rc7 h4+ 53. Kf3
Kg6 54. Rc6 Kh5 55. Rd6 Bg4+ 56. Kf2 Be6 57. Kf3 Kg6 58. Rb6 Kf5 59. Rb5+ Kf6
60. Rb6 Ke5 61. Rb5+ Bd5+ 62. Kg4 f6 63. Ra5 f5+ 64. Kxg5 h3 65. Ra7 Bf3 66.
Re7+ Kd6 67. Rh7 Bg4 68. Kf4 Kd5 69. Rd7+ Kc4 70. Rd8 Kc3 1/2-1/2